| 000 | 01140nam a22002657a 4500 | ||
|---|---|---|---|
| 999 |
_c63840 _d63840 |
||
| 005 | 20240530110701.0 | ||
| 008 | 171225s2015 ua a f b 000 0dara d | ||
| 017 |
_a2010/16667 _bمصر. دار الكتب |
||
| 020 | _a9789777042529 | ||
| 040 |
_aEG-CaGPL _cEG-CaGPL |
||
| 082 | 0 | 4 |
_221 _a709.32014 _bق/ع م |
| 100 | 0 | _aعبدالغفار شديد | |
| 245 | 1 | 0 |
_aمقبرة الفنان سندجم : _bالاسرة 19 - بدير المدينة / _cتأليف وترجمة عبدالغفار شديد ، اناليزا فرتل ؛ تقديم زاهى حواس ؛ مراجعة هليل غالى . |
| 250 | _aط.1 | ||
| 260 |
_aالقاهرة : _bالمركز القومى للترجمة ، _c2015 . |
||
| 300 |
_a126 ص. : _bصور لو ؛ _c24 سم. |
||
| 490 |
_aالمركز القومى للترجمة ؛ _v1887 |
||
| 650 | 0 | 7 |
_2qrmak _aالفن المصرى القديم |
| 651 | _2qrmak | ||
| 700 | 0 |
_aاناليزا فرتل _eمؤلف ومترجم مشارك |
|
| 700 | 0 |
_aزاهى حواس _eمقدم |
|
| 700 | 0 |
_aهليل غالى _eمراجع |
|
| 942 |
_2ddc _cBK |
||